00249nam a2200097Ia 4500008004100000100001700041245003700058260002900095300000900124650001800133191201s2019 xx 000 0 und d aSONI, Sudhir 0aPatarkarita avm Jansanchar Guide aN. DelhibUniversity Pub aNULL aGeneral Books